[Event "DVM U20 2014"]
[Site "Naumburg (Saale) GER"]
[Date "2014.12.29"]
[Round "5"]
[White "Toptschiev, David"]
[Black "Diller, Daniel"]
[Result "1-0"]
[Termination "normal"]
[Board "4.4"]
[WhiteElo "1838"]
[BlackElo "1872"]
[WhiteTeam "OSG Baden-Baden"]
[BlackTeam "SC Erlangen"]
[PlyCount "57"]
[WhiteFideId "12968005"]
[BlackFideId "12908983"]
[EventCountry "GER"]
[EventRounds "7"]
[EventType "team-swiss"]
[EventDate "2014.12.26"]

1. c4 c5 2. g3 g6 3. Bg2 Bg7 4. Nc3 Nc6 5. e3 e5 6. Nge2 Nge7 7. O-O O-O 8. f4
d6 9. b3 f5 10. Bb2 e4 11. d3 d5 12. cxd5 Nxd5 13. Nxd5 Bxb2 14. Rb1 Qxd5 15.
Rxb2 Qxd3 16. Qxd3 exd3 17. Nc1 Na5 18. Nxd3 c4 19. bxc4 Nxc4 20. Bd5+ Kg7 21.
Bxc4 b5 22. Bxb5 Rb8 23. Bc4 Rxb2 24. Nxb2 Re8 25. Kf2 Re4 26. Rc1 Bb7 27. Nd3
Re7 28. Ne5 Rc7 29. Rd1 1-0

[Event "DVM U20 2014"]
[Site "Naumburg (Saale) GER"]
[Date "2014.12.29"]
[Round "5"]
[White "Zhao, Kevin"]
[Black "Weis, Olga"]
[Result "1-0"]
[Termination "normal"]
[Board "4.5"]
[WhiteElo "1907"]
[BlackElo "1790"]
[WhiteTeam "SC Erlangen"]
[BlackTeam "OSG Baden-Baden"]
[PlyCount "69"]
[WhiteFideId "1271884"]
[BlackFideId "1270234"]
[EventCountry "GER"]
[EventRounds "7"]
[EventType "team-swiss"]
[EventDate "2014.12.26"]

1. e4 c5 2. Nf3 e6 3. d4 cxd4 4. Nxd4 a6 5. c4 Nf6 6. Nc3 Qc7 7. Bg5 Bb4 8. Qf3
Qe5 9. Bxf6 gxf6 10. Qe3 Nc6 11. Nxc6 bxc6 12. a3 Bc5 13. Qd2 d5 14. f4 Qd4 15.
cxd5 cxd5 16. exd5 exd5 17. Nxd5 O-O 18. O-O-O Qxd2+ 19. Rxd2 Kg7 20. b4 Ba7
21. Rd3 f5 22. Rg3+ Kh8 23. Nc7 Rb8 24. Nxa6 Rb6 25. Nc5 Rc6 26. Bb5 Rc7 27.
Rc3 Bb7 28. Kb2 Bxg2 29. Rg1 Be4 30. Re1 Bxc5 31. Rxc5 Rxc5 32. bxc5 Rb8 33. a4
Bc6 34. Kc3 Bxb5 35. Rb1 1-0

[Event "DVM U20 2014"]
[Site "Naumburg (Saale) GER"]
[Date "2014.12.29"]
[Round "5"]
[White "Jurga, Jonas Vincent"]
[Black "Wegmann, Simon"]
[Result "1-0"]
[Termination "normal"]
[Board "4.6"]
[WhiteElo "1720"]
[BlackElo "1712"]
[WhiteTeam "OSG Baden-Baden"]
[BlackTeam "SC Erlangen"]
[PlyCount "43"]
[WhiteFideId "12968013"]
[BlackFideId "1270758"]
[EventCountry "GER"]
[EventRounds "7"]
[EventType "team-swiss"]
[EventDate "2014.12.26"]

1. e4  e5 2. Nf3 Nc6 3. Bb5 a6 4. Ba4 Nge7 5. c3 g6 6. d4 exd4 7. cxd4 d5 8.
exd5 Nxd5 9. O-O b5 10. Bb3 Bg7 11. Re1+ Nce7 12. Bg5 f6 13. Bh4 Bb7 14. Nc3
Nxc3 15. bxc3 Bd5 16. Qe2 Bxb3 17. axb3 Kf7 18. Qe6+ Ke8 19. Bxf6 Bxf6 20. Qxf6
Rf8 21. Qc6+ Kf7 22. Ng5+ 1-0

[Event "DVM U20 2014"]
[Site "Naumburg (Saale) GER"]
[Date "2014.12.29"]
[Round "5"]
[White "Knopf, Felix"]
[Black "Kotainy, Jens"]
[Result "0-1"]
[Termination "normal"]
[Board "5.1"]
[BlackTitle "IM"]
[WhiteElo "1926"]
[BlackElo "2397"]
[WhiteTeam "SV Merseburg"]
[BlackTeam "SG Bochum"]
[PlyCount "78"]
[WhiteFideId "24692204"]
[BlackFideId "24670499"]
[EventCountry "GER"]
[EventRounds "7"]
[EventType "team-swiss"]
[EventDate "2014.12.26"]

1. d4 Nf6 2. c4 c5 3. d5 e5 4. Nc3 d6 5. e4 Nbd7 6. Bd3 Be7 7. Nge2 O-O 8. O-O
Ne8 9. f4 exf4 10. Bxf4 Bg5 11. Qd2 Bxf4 12. Rxf4 Ne5 13. Ng3 g6 14. a3 Bd7 15.
b3 a6 16. Rb1 Ng7 17. Re1 Rb8 18. a4 Qg5 19. Rf2 Qh4 20. Nf1 Rbe8 21. Rf4 Qg5
22. Rf2 Qxd2 23. Rxd2 f5 24. exf5 Nf3+ 25. gxf3 Rxe1 26. Kf2 Rc1 27. Ne2 Ra1
28. fxg6 hxg6 29. Bxg6 Bf5 30. Bxf5 Nxf5 31. Nfg3 Rb1 32. Nxf5 Rxf5 33. Ng3 Rf6
34. Rd3 Rb2+ 35. Kf1 Rxh2 36. Ne4 Rfh6 37. Nxc5 dxc5 38. d6 Rb2 39. Kg1 Re6 0-1

[Event "DVM U20 2014"]
[Site "Naumburg (Saale) GER"]
[Date "2014.12.29"]
[Round "5"]
[White "Thanabalasingam, Ajandhan"]
[Black "Heinrich, Julius Tobias"]
[Result "0-1"]
[Termination "normal"]
[Board "5.2"]
[WhiteElo "2007"]
[BlackElo "1989"]
[WhiteTeam "SG Bochum"]
[BlackTeam "SV Merseburg"]
[PlyCount "72"]
[WhiteFideId "24601659"]
[BlackFideId "12913847"]
[EventCountry "GER"]
[EventRounds "7"]
[EventType "team-swiss"]
[EventDate "2014.12.26"]

1. e4 e6 2. d4 d5 3. Nc3 Nf6 4. e5 Nfd7 5. f4 c5 6. Nf3 Nc6 7. Be3 Qb6 8. a3
cxd4 9. Nxd4 Bc5 10. Na4 Qa5+ 11. c3 Bxd4 12. Bxd4 Qc7 13. Bd3 a6 14. b4 Nxd4
15. cxd4 b5 16. Rc1 Qd8 17. Nc5 Nb6 18. O-O Nc4 19. Bxc4 bxc4 20. Qf3 Rb8 21.
Rce1 O-O 22. Qh5 f5 23. exf6 Qxf6 24. Re5 g6 25. Qe2 Qg7 26. Qe3 Qc7 27. Rc1 a5
28. bxa5 Qxa5 29. f5 Rb2 30. Rd1 c3 31. fxg6 c2 32. gxh7+ Kh8 33. Rc1 Rb1 34.
Nb3 Qb5 35. Qe1 Qxb3 36. Re3 Qb2 0-1

[Event "DVM U20 2014"]
[Site "Naumburg (Saale) GER"]
[Date "2014.12.29"]
[Round "5"]
[White "Feuerherdt, Martin"]
[Black "Giraud, Valerian"]
[Result "1/2-1/2"]
[Termination "normal"]
[Board "5.3"]
[WhiteElo "1805"]
[BlackElo "1982"]
[WhiteTeam "SV Merseburg"]
[BlackTeam "SG Bochum"]
[PlyCount "42"]
[WhiteFideId "12910341"]
[BlackFideId "12920355"]
[EventCountry "GER"]
[EventRounds "7"]
[EventType "team-swiss"]
[EventDate "2014.12.26"]

1. e4 e6 2. d4 d5 3. exd5 exd5 4. Bd3 c5 5. dxc5 Bxc5 6. Nf3 Nf6 7. O-O O-O 8.
Bg5 Bg4 9. Nbd2 Nc6 10. c3 Re8 11. h3 Bh5 12. Qc2 h6 13. Bf4 g5 14. Bg3 Bxf3
15. Nxf3 Nh5 16. Bh2 Bd6 17. Bxd6 Qxd6 18. Rad1 Nf4 19. Rfe1 Qf6 20. Bf5 d4 21.
cxd4 Nb4 1/2-1/2

[Event "DVM U20 2014"]
[Site "Naumburg (Saale) GER"]
[Date "2014.12.29"]
[Round "5"]
[White "Stricker, Florian"]
[Black "Jacob, Hannes"]
[Result "1/2-1/2"]
[Termination "normal"]
[Board "5.4"]
[WhiteElo "2148"]
[BlackElo "1878"]
[WhiteTeam "SG Bochum"]
[BlackTeam "SV Merseburg"]
[PlyCount "63"]
[WhiteFideId "12976385"]
[BlackFideId "12910350"]
[EventCountry "GER"]
[EventRounds "7"]
[EventType "team-swiss"]
[EventDate "2014.12.26"]

1. d4  d5 2. c4 e6 3. Nc3 Nf6 4. Nf3 c6 5. Bg5 Be7 6. e3 O-O 7. Be2 h6 8. Bh4
a6 9. c5 Nbd7 10. Qc2 Nh5 11. Bxe7 Qxe7 12. Nd2 Nhf6 13. f4 Nh7 14. Bd3 f5 15.
O-O Nhf6 16. Nf3 Re8 17. b4 Ne4 18. a4 Ndf6 19. b5 Ng4 20. Rae1 axb5 21. axb5
Bd7 22. bxc6 Bxc6 23. h3 Ngf6 24. Ra1 Qc7 25. Ne5 Ra5 26. Rxa5 Qxa5 27. Nxc6
bxc6 28. Na4 Ra8 29. Nb6 Ra7 30. Nc8 Rb7 31. Nb6 Kh7 32. Rc1 1/2-1/2

[Event "DVM U20 2014"]
[Site "Naumburg (Saale) GER"]
[Date "2014.12.29"]
[Round "5"]
[White "Pilat, Fabian"]
[Black "Le Hong, Quang Anh"]
[Result "1-0"]
[Termination "normal"]
[Board "5.6"]
[WhiteElo "1919"]
[BlackElo "1536"]
[WhiteTeam "SG Bochum"]
[BlackTeam "SV Merseburg"]
[PlyCount "87"]
[WhiteFideId "24683396"]
[BlackFideId "12927589"]
[EventCountry "GER"]
[EventRounds "7"]
[EventType "team-swiss"]
[EventDate "2014.12.26"]

1. e4 c5 2. Nc3 Nc6 3. Bb5 d6 4. Bxc6+ bxc6 5. f4 e5 6. d3 Nf6 7. Nf3 Qc7 8.
O-O Be7 9. Qe1 O-O 10. f5 Re8 11. Bg5 Bb7 12. Qh4 d5 13. b3 dxe4 14. Bxf6 Bxf6
15. Qxe4 Rad8 16. Rae1 Bc8 17. Na4 g6 18. fxg6 hxg6 19. Nd2 Bf5 20. Rxf5 gxf5
21. Qxf5 Qe7 22. Ne4 Bg7 23. Naxc5 Rd5 24. b4 Rb8 25. a3 a5 26. c3 axb4 27.
axb4 Ra8 28. Rf1 Ra2 29. Qc8+ Rd8 30. Qxc6 Qh4 31. Ng3 Qg5 32. Qf3 Qg6 33. Nf5
Re8 34. Ne4 Rc2 35. Ne3 Ra2 36. Ng4 Re6 37. Ne3 Re8 38. Nc4 Re7 39. b5 f5 40.
Ng3 f4 41. Ne4 Bf8 42. Nf2 Re8 43. b6 Bc5 44. Qd5+ 1-0

[Event "DVM U20 2014"]
[Site "Naumburg (Saale) GER"]
[Date "2014.12.29"]
[Round "5"]
[White "Linnemann, Niklas"]
[Black "Keller, Peter"]
[Result "0-1"]
[Termination "normal"]
[Board "6.1"]
[WhiteElo "2010"]
[BlackElo "2057"]
[WhiteTeam "TuS Coswig"]
[BlackTeam "Frankfurter TV 1860"]
[PlyCount "78"]
[WhiteFideId "24695645"]
[BlackFideId "1272105"]
[EventCountry "GER"]
[EventRounds "7"]
[EventType "team-swiss"]
[EventDate "2014.12.26"]

1. e4 c5 2. Nf3 e6 3. d4 cxd4 4. Nxd4 Nc6 5. Nc3 Qc7 6. Be2 a6 7. a4 Nf6 8. O-O
Bb4 9. Bf3 Ne5 10. Bf4 d6 11. Bd2 Bc5 12. Nb3 Ba7 13. a5 Bd7 14. Be2 Bc6 15.
Bd3 Nxd3 16. cxd3 d5 17. Qe2 dxe4 18. dxe4 O-O 19. Be3 Bxe3 20. Qxe3 Ng4 21.
Qh3 f5 22. Nd4 Bd7 23. Qg3 Qxg3 24. hxg3 Rad8 25. Rfe1 fxe4 26. Nxe4 e5 27. Nf3
Bc6 28. Neg5 Rde8 29. Re2 Rf5 30. Rae1 e4 31. Nxe4 Rxa5 32. Nfd2 Bb5 33. f3
Bxe2 34. Rxe2 Ra1+ 35. Nf1 Rf8 36. Nc5 Nf6 37. Nxb7 Re8 38. Rf2 Ree1 39. g4 Nd5
0-1

[Event "DVM U20 2014"]
[Site "Naumburg (Saale) GER"]
[Date "2014.12.29"]
[Round "5"]
[White "Diyap, Murat"]
[Black "Kieslich, Aaron"]
[Result "1/2-1/2"]
[Termination "normal"]
[Board "6.2"]
[WhiteElo "1981"]
[BlackElo "2013"]
[WhiteTeam "Frankfurter TV 1860"]
[BlackTeam "TuS Coswig"]
[PlyCount "78"]
[WhiteFideId "1272104"]
[BlackFideId "1270391"]
[EventCountry "GER"]
[EventRounds "7"]
[EventType "team-swiss"]
[EventDate "2014.12.26"]

1. e4 c5 2. Nf3 d6 3. d4 cxd4 4. Nxd4 Nf6 5. Nc3 a6 6. Be2 e6 7. O-O Qc7 8. f4
b5 9. Bf3 Bb7 10. a3 Nbd7 11. Nb3 Rc8 12. Be3 Nb6 13. Na5 Ba8 14. Qe1 d5 15. e5
Nfd7 16. Qf2 Na4 17. Nxa4 bxa4 18. Qe1 Bc5 19. b4 Bxe3+ 20. Qxe3 O-O 21. Be2 d4
22. Qxd4 Qxc2 23. Rf2 Qc3 24. Qxc3 Rxc3 25. Bxa6 Nb6 26. Rd2 Bd5 27. Kf2 f6 28.
Kg1 fxe5 29. fxe5 Rf5 30. Re2 Nd7 31. Bb5 Nxe5 32. Bxa4 Rg5 33. Kh1 Rh3 34. Kg1
Rc3 35. Kf1 Nc4 36. Bc6 Nxa5 37. Bxd5 Rxd5 38. bxa5 Rxa5 39. a4 Rc4 1/2-1/2

[Event "DVM U20 2014"]
[Site "Naumburg (Saale) GER"]
[Date "2014.12.29"]
[Round "5"]
[White "von Koslowski, Utz"]
[Black "Medvedovski, Michael"]
[Result "0-1"]
[Termination "normal"]
[Board "6.3"]
[WhiteElo "1892"]
[BlackElo "1957"]
[WhiteTeam "TuS Coswig"]
[BlackTeam "Frankfurter TV 1860"]
[PlyCount "96"]
[WhiteFideId "12964247"]
[BlackFideId "24600830"]
[EventCountry "GER"]
[EventRounds "7"]
[EventType "team-swiss"]
[EventDate "2014.12.26"]

1. Nf3 d5 2. d4 c5 3. c3 Nf6 4. e3 Qc7 5. Bd3 Nbd7 6. O-O g6 7. Nbd2 Bg7 8. b3
O-O 9. Bb2 e5 10. e4 Re8 11. Re1 dxe4 12. Nxe4 Nxe4 13. Bxe4 exd4 14. cxd4 Nf6
15. Qc2 Rxe4 16. Rxe4 Bf5 17. Nd2 Nxe4 18. Nxe4 Qc6 19. f3 Re8 20. Re1 Bxe4 21.
Rxe4 Rxe4 22. Qxe4 Qxe4 23. fxe4 Bxd4+ 24. Bxd4 cxd4 25. Kf2 Kg7 26. e5 f6 27.
e6 Kf8 28. Ke2 Ke7 29. Kd3 Kxe6 30. Kxd4 Kd6 31. b4 f5 32. a3 b5 33. h4 h6 34.
g3 g5 35. h5 a6 36. Ke3 Ke5 37. Kd3 f4 38. gxf4+ gxf4 39. Ke2 Kf5 40. Kf2 Kg4
41. Kg2 Kxh5 42. Kf3 Kg5 43. Kf2 Kg4 44. Kg2 f3+ 45. Kf2 Kf4 46. Kf1 Kg3 47.
Kg1 h5 48. Kf1 f2 0-1

[Event "DVM U20 2014"]
[Site "Naumburg (Saale) GER"]
[Date "2014.12.29"]
[Round "5"]
[White "Pham-Tran, Phuong-Bao"]
[Black "Merker, Konstantin"]
[Result "1/2-1/2"]
[Termination "normal"]
[Board "6.4"]
[WhiteElo "1788"]
[BlackElo "1663"]
[WhiteTeam "Frankfurter TV 1860"]
[BlackTeam "TuS Coswig"]
[PlyCount "108"]
[WhiteFideId "12939196"]
[BlackFideId "12964239"]
[EventCountry "GER"]
[EventRounds "7"]
[EventType "team-swiss"]
[EventDate "2014.12.26"]

1. c4 Nf6 2. g3 g6 3. Bg2 Bg7 4. Nc3 O-O 5. e4 d6 6. Nge2 e5 7. d3 Nbd7 8. O-O
Nh5 9. Be3 f5 10. Qd2 Ndf6 11. Bg5 Qe8 12. Rac1 Kh8 13. Nd5 Qf7 14. f4 Nxd5 15.
cxd5 exf4 16. Nxf4 Nxf4 17. Bxf4 a5 18. Rc2 b6 19. Rfc1 Ra7 20. Bxd6 cxd6 21.
Rxc8 Bd4+ 22. Kh1 Kg7 23. Rxf8 Qxf8 24. b3 fxe4 25. dxe4 Bc5 26. Rf1 Rf7 27.
Qc3+ Kg8 28. Rxf7 Qxf7 29. Bh3 Kf8 30. Qd3 Kg7 31. Qe2 Qf6 32. Kg2 Qd4 33. Be6
Qe3 34. Qxe3 Bxe3 35. Kf3 Bd2 36. h4 Kf6 37. Ke2 Bc1 38. Kd3 Ke5 39. Bg8 h6 40.
Bf7 g5 41. hxg5 hxg5 42. Be6 Ba3 43. Bf5 Bc5 44. Kc4 Bf2 45. g4 Bg1 46. a3 Bf2
47. b4 axb4 48. axb4 Bg1 49. Kb5 Bf2 50. Kc6 Be3 51. Kb5 Bf2 52. Kc6 Be3 53.
Kc7 Bg1 54. Kd7 Be3 1/2-1/2

[Event "DVM U20 2014"]
[Site "Naumburg (Saale) GER"]
[Date "2014.12.29"]
[Round "5"]
[White "Zschuppe, Ludwig"]
[Black "Abrahamyan, Arsen"]
[Result "0-1"]
[Termination "normal"]
[Board "6.5"]
[WhiteElo "1663"]
[BlackElo "1759"]
[WhiteTeam "TuS Coswig"]
[BlackTeam "Frankfurter TV 1860"]
[PlyCount "118"]
[WhiteFideId "12985260"]
[BlackFideId "1271755"]
[EventCountry "GER"]
[EventRounds "7"]
[EventType "team-swiss"]
[EventDate "2014.12.26"]

1. e4 e6 2. d3 d5 3. Qe2 Be7 4. Nf3 Nf6 5. g3 h6 6. Bg2 O-O 7. O-O b6 8. Re1
dxe4 9. dxe4 Ba6 10. c4 Nc6 11. b3 Rb8 12. Rd1 Qe8 13. Bb2 Nd7 14. Nbd2 e5 15.
Nf1 Bd6 16. Ne3 Ne7 17. Qc2 Bb7 18. Nd5 Ng6 19. Re1 Qe6 20. Rad1 c6 21. Ne3 Nf6
22. Nf5 Bb4 23. Re2 Rfd8 24. Rxd8+ Rxd8 25. a3 Bf8 26. Bh3 Qe8 27. Bg2 c5 28.
N3h4 Qd7 29. Nxg6 fxg6 30. Ne3 Qd3 31. Nd5 Qxc2 32. Rxc2 Bd6 33. Re2 g5 34. Bh3
Kf7 35. Bg2 Nd7 36. Ne3 Nb8 37. Nc2 Nc6 38. Re1 Nd4 39. Nxd4 cxd4 40. Rd1 Bc5
41. g4 Ke6 42. Bc1 a5 43. Bb2 Rf8 44. Rd3 Rf4 45. f3 Rf8 46. Bc1 Be7 47. Bb2 a4
48. bxa4 Ra8 49. Rb3 Bc5 50. Bf1 Rxa4 51. Bd3 Ba6 52. Kg2 Bxc4 53. Bxc4+ Rxc4
54. Kg3 Rc2 55. Ba1 Ra2 56. Bb2 d3 57. Bc1 d2 58. Bxd2 Rxd2 59. a4 Ra2 0-1

[Event "DVM U20 2014"]
[Site "Naumburg (Saale) GER"]
[Date "2014.12.29"]
[Round "5"]
[White "Werle, Joshua"]
[Black "Franke, Alexander"]
[Result "0-1"]
[Termination "normal"]
[Board "6.6"]
[WhiteElo "1782"]
[BlackElo "1424"]
[WhiteTeam "Frankfurter TV 1860"]
[BlackTeam "TuS Coswig"]
[PlyCount "100"]
[WhiteFideId "12973890"]
[BlackFideId "12985171"]
[EventCountry "GER"]
[EventRounds "7"]
[EventType "team-swiss"]
[EventDate "2014.12.26"]

1. d4 d5 2. c4 dxc4 3. Nf3 Nf6 4. Bf4 e6 5. Nc3 a6 6. Qa4+ Nbd7 7. Qxc4 c5 8.
e3 b5 9. Qb3 Bb7 10. Be2 Be7 11. O-O O-O 12. Rfd1 Qb6 13. Ne5 Nxe5 14. Bxe5
Rfd8 15. Qc2 cxd4 16. Bxd4 Qc6 17. Bf3 Qc7 18. Bxb7 Qxb7 19. Rac1 Rac8 20. Qd3
Qc7 21. Ne2 Qb8 22. Rxc8 Rxc8 23. Rc1 Rxc1+ 24. Nxc1 Qc7 25. Qc3 Qxc3 26. Bxc3
Nd5 27. Bd4 f6 28. e4 Nb4 29. Kf1 e5 30. Be3 Kf8 31. Ke2 Ke8 32. Kd2 Kd7 33. a3
Nc6 34. Nd3 Na5 35. Bc5 Nb3+ 36. Kc3 Nxc5 37. Nxc5+ Bxc5 38. f3 a5 39. Kc2 b4
40. axb4 Bxb4 41. Kd3 g6 42. Kc4 Ke6 43. Kb5 f5 44. Kc6 h5 45. b3 g5 46. h3 g4
47. exf5+ Kxf5 48. Kd5 gxf3 49. gxf3 Kf4 50. h4 Be1 0-1

[Event "DVM U20 2014"]
[Site "Naumburg (Saale) GER"]
[Date "2014.12.29"]
[Round "5"]
[White "Kühne, Niklas"]
[Black "Zuferi, Enis"]
[Result "1/2-1/2"]
[Termination "normal"]
[Board "7.1"]
[WhiteElo "1778"]
[BlackElo "2126"]
[WhiteTeam "Meuselwitzer SV"]
[BlackTeam "Heilbronner SV"]
[PlyCount "96"]
[WhiteFideId "24690015"]
[BlackFideId "24692530"]
[EventCountry "GER"]
[EventRounds "7"]
[EventType "team-swiss"]
[EventDate "2014.12.26"]

1. c4 e5 2. Nc3 Nf6 3. g3 c6 4. Nf3 e4 5. Nd4 d5 6. cxd5 cxd5 7. Bg2 Nc6 8.
Nxc6 bxc6 9. d3 exd3 10. Qxd3 Be7 11. O-O O-O 12. Re1 Be6 13. b3 Qa5 14. Bd2
Qa3 15. Bc1 Qd6 16. Bf4 Qd7 17. Rac1 Rac8 18. Bg5 Rfd8 19. Red1 h6 20. Bxf6
Bxf6 21. Na4 Qe7 22. Nc5 Bg4 23. Bf3 Bxf3 24. Qxf3 Bb2 25. Rc2 Ba3 26. Nd3 a5
27. Nf4 Qf6 28. Qc3 Qxc3 29. Rxc3 Kf8 30. h4 g5 31. hxg5 hxg5 32. Nh5 Rd6 33.
g4 Ke7 34. Ng3 Kd7 35. Rf3 f6 36. Nh5 Ke7 37. Rdd3 c5 38. Ng7 Kf7 39. Nf5 Rd7
40. Rh3 d4 41. Rh7+ Ke6 42. Rxd7 Kxd7 43. Rh3 Re8 44. Rh7+ Kc6 45. Kf1 Re6 46.
Rf7 Kb5 47. Ng7 Rc6 48. Rb7+ Ka6 1/2-1/2

[Event "DVM U20 2014"]
[Site "Naumburg (Saale) GER"]
[Date "2014.12.29"]
[Round "5"]
[White "Peng, Xiang-Tobias"]
[Black "Naundorf, Johannes"]
[Result "1-0"]
[Termination "normal"]
[Board "7.2"]
[WhiteElo "1987"]
[BlackElo "1802"]
[WhiteTeam "Heilbronner SV"]
[BlackTeam "Meuselwitzer SV"]
[PlyCount "63"]
[WhiteFideId "12964328"]
[BlackFideId "12950009"]
[EventCountry "GER"]
[EventRounds "7"]
[EventType "team-swiss"]
[EventDate "2014.12.26"]

1. e4 Nf6 2. Nc3 d5 3. exd5 Nxd5 4. Bc4 Be6 5. Bb3 c6 6. Nf3 Bg4 7. O-O e6 8.
h3 Bh5 9. Nxd5 cxd5 10. d4 Bd6 11. c4 dxc4 12. Bxc4 O-O 13. Bd2 Nc6 14. Bc3 Rc8
15. Be2 Bg6 16. Rc1 Ne7 17. Qb3 Be4 18. Ne5 Bd5 19. Qc2 Nf5 20. Qd2 Nh4 21. g3
f6 22. Nd3 Nf5 23. Nf4 Bxf4 24. Qxf4 Qc7 25. Qxc7 Rxc7 26. g4 Nh4 27. f4 g5 28.
fxg5 fxg5 29. Rxf8+ Kxf8 30. Bb4+ Re7 31. Rc7 Ng6 32. Bd3 1-0

[Event "DVM U20 2014"]
[Site "Naumburg (Saale) GER"]
[Date "2014.12.29"]
[Round "5"]
[White "Blumenthal, Clemens"]
[Black "Wenninger, Patrick"]
[Result "1/2-1/2"]
[Termination "normal"]
[Board "7.3"]
[WhiteElo "1573"]
[BlackElo "1725"]
[WhiteTeam "Meuselwitzer SV"]
[BlackTeam "Heilbronner SV"]
[PlyCount "97"]
[WhiteFideId "12938050"]
[BlackFideId "12927880"]
[EventCountry "GER"]
[EventRounds "7"]
[EventType "team-swiss"]
[EventDate "2014.12.26"]

1. e4 c6 2. d4 d5 3. Nc3 dxe4 4. Nxe4 Bf5 5. Ng3 Bg6 6. Nf3 Nd7 7. Bd3 Bxd3 8.
Qxd3 e6 9. O-O Ngf6 10. Bg5 Be7 11. c4 O-O 12. Rad1 Qc7 13. a3 a5 14. Rfe1 Rfe8
15. Ne5 Rad8 16. Qc3 c5 17. Be3 cxd4 18. Bxd4 Nc5 19. b4 axb4 20. axb4 Ncd7 21.
Ra1 Ra8 22. Nxd7 Qxd7 23. Red1 Rxa1 24. Rxa1 Bxb4 25. Qb2 Be7 26. Ra7 Qc6 27.
Rxb7 Qxc4 28. Rb8 Qa4 29. Rxe8+ Qxe8 30. Qb7 h6 31. h3 Qd8 32. Qa7 Qd7 33. Qb8+
Qd8 34. Qa7 Qd6 35. Nf1 e5 36. Be3 Nd5 37. Qa8+ Kh7 38. Qa4 Nxe3 39. Nxe3 g6
40. Qc4 Kg7 41. Qg4 Bg5 42. Nf1 Qd4 43. Qf3 Bf4 44. g3 Bg5 45. h4 Be7 46. h5
Qd7 47. hxg6 fxg6 48. Ne3 Bc5 49. Ng4 1/2-1/2

[Event "DVM U20 2014"]
[Site "Naumburg (Saale) GER"]
[Date "2014.12.29"]
[Round "5"]
[White "Biefel, Christian"]
[Black "Großmann, Dominic"]
[Result "1/2-1/2"]
[Termination "normal"]
[Board "7.4"]
[WhiteElo "1765"]
[BlackElo "1904"]
[WhiteTeam "Heilbronner SV"]
[BlackTeam "Meuselwitzer SV"]
[PlyCount "70"]
[WhiteFideId "24692646"]
[BlackFideId "12950017"]
[EventCountry "GER"]
[EventRounds "7"]
[EventType "team-swiss"]
[EventDate "2014.12.26"]

1. c4 Nf6 2. Nf3 g6 3. d4 Bg7 4. Nc3 d6 5. e4 O-O 6. Be2 b6 7. O-O Nbd7 8. a4
e5 9. d5 Nc5 10. Qc2 a5 11. Bd2 Ne8 12. Ne1 f5 13. f3 f4 14. Nd3 Nxd3 15. Qxd3
Qg5 16. Nb5 h5 17. b4 h4 18. Kh1 Rf7 19. Rf2 Nf6 20. c5 Nh5 21. cxd6 Ng3+ 22.
Kg1 Nxe2+ 23. Qxe2 Ba6 24. bxa5 bxa5 25. Bxa5 cxd6 26. Rb1 Rfa7 27. Bb4 Bf8 28.
Qe1 Bxb5 29. axb5 h3 30. Rfb2 Ra2 31. Qf2 Ra1 32. g4 fxg3 33. hxg3 R8a2 34.
Rxa2 Rxb1+ 35. Be1 Qc1 1/2-1/2

[Event "DVM U20 2014"]
[Site "Naumburg (Saale) GER"]
[Date "2014.12.29"]
[Round "5"]
[White "Uhlig, Jessica"]
[Black "Mikeler, Marcel"]
[Result "1-0"]
[Termination "normal"]
[Board "7.5"]
[WhiteElo "1276"]
[BlackElo "1751"]
[WhiteTeam "Meuselwitzer SV"]
[BlackTeam "Heilbronner SV"]
[PlyCount "39"]
[WhiteFideId "16200446"]
[BlackFideId "12927856"]
[EventCountry "GER"]
[EventRounds "7"]
[EventType "team-swiss"]
[EventDate "2014.12.26"]

1. c4 c5 2. Nc3 Nc6 3. g3 g6 4. Bg2 Bg7 5. Nf3 d6 6. O-O e5 7. d3 Nge7 8. Bd2
O-O 9. Qc1 Nf5 10. e3 Be6 11. Ne4 h6 12. Qc2 Nfe7 13. Rac1 Qd7 14. Bc3 f5 15.
Ned2 f4 16. exf4 exf4 17. Bxg7 Kxg7 18. Qc3+ Kh7 19. Ne4 Ng8 20. Nfg5+ 1-0

[Event "DVM U20 2014"]
[Site "Naumburg (Saale) GER"]
[Date "2014.12.29"]
[Round "5"]
[White "Ignatov, Dmitriy"]
[Black "Kohl, Natalie"]
[Result "1-0"]
[Termination "normal"]
[Board "7.6"]
[WhiteElo "1754"]
[BlackElo "1145"]
[WhiteTeam "Heilbronner SV"]
[BlackTeam "Meuselwitzer SV"]
[PlyCount "73"]
[WhiteFideId "12927872"]
[BlackFideId "12967408"]
[EventCountry "GER"]
[EventRounds "7"]
[EventType "team-swiss"]
[EventDate "2014.12.26"]

1. e4 c5 2. Nf3 Nc6 3. c3 e6 4. d4 cxd4 5. cxd4 Nge7 6. Nc3 d5 7. e5 Nf5 8. Bb5
Bb4 9. O-O Nfe7 10. Bg5 Qa5 11. Qd3 a6 12. Bxe7 Kxe7 13. Bxc6 bxc6 14. Ne2 Ke8
15. a3 Be7 16. Rac1 Qc7 17. b4 Qb6 18. Qc4 Bd7 19. Nd2 a5 20. bxa5 Rxa5 21. a4
c5 22. Rb1 Qc7 23. dxc5 Rxc5 24. Qb3 Bc8 25. Rfc1 Kd7 26. f4 Ba6 27. Nc3 Bd3
28. Ra1 Rb8 29. Qa3 Rc4 30. Nxd5 Bc5+ 31. Kh1 exd5 32. Qxd3 Rxc1+ 33. Rxc1 Ke6
34. Nb3 Rc8 35. Rxc5 Qb7 36. Rxc8 Qxc8 37. Qh3+ 1-0

[Event "DVM U20 2014"]
[Site "Naumburg (Saale) GER"]
[Date "2014.12.29"]
[Round "5"]
[White "Eichstaedt, Mirko"]
[Black "Preiß, Vincent"]
[Result "1-0"]
[Termination "normal"]
[Board "8.1"]
[WhiteElo "1999"]
[BlackElo "1844"]
[WhiteTeam "USV Potsdam"]
[BlackTeam "SVG Saarbrücken"]
[PlyCount "109"]
[WhiteFideId "24692310"]
[BlackFideId "24660850"]
[EventCountry "GER"]
[EventRounds "7"]
[EventType "team-swiss"]
[EventDate "2014.12.26"]

1. d4 d5 2. Nf3 Nf6 3. g3 e6 4. Bg2 Bd6 5. O-O O-O 6. c4 c6 7. b3 Nbd7 8. Bb2
Re8 9. Nbd2 e5 10. dxe5 Nxe5 11. Nxe5 Bxe5 12. Bxe5 Rxe5 13. cxd5 Nxd5 14. Nc4
Re8 15. e4 Nb6 16. Nd6 Re6 17. Nxc8 Rxc8 18. Bh3 Rd6 19. Qe1 Ra8 20. e5 Rd4 21.
f4 Rd2 22. Rf2 Rxf2 23. Qxf2 Nd5 24. Bg2 Qa5 25. Re1 Rd8 26. h4 Qb6 27. Rd1
Qxf2+ 28. Kxf2 g6 29. Bxd5 cxd5 30. Ke3 Kf8 31. Rc1 Rd7 32. Kd4 h5 33. Rc5 Ke7
34. Rxd5 Rxd5+ 35. Kxd5 Kd7 36. b4 Ke7 37. b5 Kd7 38. a3 Ke7 39. a4 Kd7 40. a5
Ke7 41. Kd4 Kd7 42. Kc5 Ke7 43. a6 b6+ 44. Kd4 Kd7 45. Ke3 Ke6 46. Ke4 f6 47.
exf6 Kxf6 48. f5 gxf5+ 49. Kf4 Ke6 50. Kg5 Ke5 51. Kxh5 f4 52. gxf4+ Kf5 53.
Kh6 Kf6 54. h5 Kf7 55. Kg5 1-0

[Event "DVM U20 2014"]
[Site "Naumburg (Saale) GER"]
[Date "2014.12.29"]
[Round "5"]
[White "Lü, Youheng"]
[Black "Cech, Tim"]
[Result "0-1"]
[Termination "normal"]
[Board "8.2"]
[WhiteElo "1628"]
[BlackElo "1803"]
[WhiteTeam "SVG Saarbrücken"]
[BlackTeam "USV Potsdam"]
[PlyCount "58"]
[WhiteFideId "16200403"]
[BlackFideId "1270258"]
[EventCountry "GER"]
[EventRounds "7"]
[EventType "team-swiss"]
[EventDate "2014.12.26"]

1. e4 e6 2. d4 d5 3. Nc3 Nf6 4. e5 Nfd7 5. f4 c5 6. Nf3 Nc6 7. Be3 cxd4 8. Nxd4
Bc5 9. Be2 O-O 10. O-O Nxd4 11. Bxd4 Qb6 12. Bxc5 Nxc5 13. Kh1 Qxb2 14. Rf3 Qb6
15. Rh3 f5 16. Qe1 Qd8 17. Bh5 Bd7 18. Qe3 Qe7 19. Rg1 Bc6 20. Bf3 Rad8 21. Qe2
Ne4 22. Bxe4 fxe4 23. Qh5 g6 24. Qh6 d4 25. Nd1 e3 26. Nxe3 dxe3 27. Rxe3 Rd2
28. h4 Rf5 29. Rg3 Qg7 0-1